000 00297nam a2200133Ia 4500
008 240624s9999 xx 000 0 und d
041 _aeng
082 _a823 ALL
100 _aALLEN WOODY
245 _aSIDE EFFECTS
260 _c1980
_aNew York,1980
300 _a213p. : cm. ; 20
365 _cRS
999 _c21602
_d21602